| 000 | 00993nam a22002657a 4500 | ||
|---|---|---|---|
| 999 |
_c6658 _d6658 |
||
| 003 | AR-CdUCM | ||
| 008 | 190318b ||||| |||| 00| 0 spa d | ||
| 020 | _a0-13-542605-7 | ||
| 040 |
_aMUNICIPALIDAD PROVINCIAL DEL CUSCO _cBIBLIOTECA MUNICIPAL DEL CUSCO |
||
| 041 | _heng | ||
| 082 |
_a508 / _bW78 |
||
| 100 |
_aWold, Finn _918731 |
||
| 245 | _aMacromoléculas, estructura y función / | ||
| 260 |
_aMadrid : _bAlhambra, _c1979. |
||
| 300 |
_a391 páginas ; _bIlustraciones, _c20 cm. |
||
| 440 |
_aExedra - Ciencia técnica ingeniería _n123 _918732 |
||
| 500 | _aTitulo original: Macromolecules: Structure and function | ||
| 505 | _aCélulas, componentes celulares y virus: definición del problema -- Proteínas: sistemas y métodos -- Enzimas -- Proteínas no catalíticas ... | ||
| 650 |
_aBioquímica _918733 |
||
| 650 |
_aMacromoléculas _918734 |
||
| 700 |
_aMeléndez Hevia, E. _918735 |
||
| 700 |
_aGonzález de Buitrago, J. M. _918736 |
||
| 942 |
_2ddc _cLIBROS |
||
| 945 | _aacv | ||